Name every species of felidae by picture - Statistics

General Stats
  • This quiz has been taken 53 times
  • The average score is 19 of 41
Answer Stats
Picture Answer % Correct
Jaguar
98%
Lion
98%
Tiger
98%
Leopard
93%
Bobcat
83%
Snow Leopard
83%
Cheetah
79%
Cougar
76%
Ocelot
69%
Serval
69%
Caracal
62%
Domestic cat
62%
Clouded leopard
60%
Sand cat
48%
Eurasian lynx
43%
Fishing cat
43%
Iberian lynx
40%
Margay
38%
Pallas's cat
38%
Sunda clouded leopard
38%
African golden cat
36%
Asian golden cat
36%
Black-footed cat
36%
Canada lynx
36%
African wildcat
33%
European wildcat
33%
Jaguarundi
33%
Bay cat
29%
Geoffroy's cat
26%
Jungle cat
26%
Pampas cat
26%
Rusty-spotted cat
26%
Andean mountain cat
24%
Chinese mountain cat
24%
Flat-headed cat
24%
Kodkod
24%
Leopard cat
24%
Marbled cat
21%
Oncilla
21%
Sunda leopard cat
19%
Southern tiger cat
14%
No matching quizzes found
Score Distribution
Percent of People with Each Score
Percentile by Number Answered
Your Score History
You have not taken this quiz